000 00517nam a2200181Ia 4500
999 _c21474
_d21474
003 OSt
005 20200617095903.0
008 190216s9999||||xx |||||||||||||| ||und||
020 _a9788175364509
040 _coclc
082 _a954
_bSMI/A
100 _aSmith, Vincent A
_93001
245 0 _aAsoka The Buddhist Emperor Of India /
_cVincent A Smith
260 _bLow Price Publications,
_c2008.
_aDelhi:
300 _a278p
650 _aHistory
942 _cBK
_2ddc
_h954
_iSMI/A
_k954
_mSMI/A